Tự vị tiếng nói miền Nam /
Cuốn sách giúp chúng ta tìm được nhiều chỉ dẫn quý báu về địa danh, về tiếng nói Nam bộ xưa và nay.
Shranjeno v:
| Glavni avtor: | |
|---|---|
| Format: | Knjiga |
| Jezik: | Vietnamese |
| Izdano: |
Tp.HCM :
Nxb Trẻ,
1999.
|
| Teme: | |
| Oznake: |
Označite
Brez oznak, prvi označite!
|
| Thư viện lưu trữ: | Mạng thư viện Đại học Đà Nẵng |
|---|
| LEADER | 01032cam a2200361 i 4500 | ||
|---|---|---|---|
| 001 | 000046924 | ||
| 003 | 6433 | ||
| 005 | 20031006072926.0 | ||
| 008 | 010306b1999 vm 000 vie | ||
| 020 | |c 51000 | ||
| 022 | |a T | ||
| 040 | |a IRC |c IRC |d IRC | ||
| 041 | 0 | |a vie | |
| 082 | 1 | 4 | |a 495.923 |b VƯ-S |
| 100 | 1 | |a Vương Hồng Sển. | |
| 245 | 0 | 0 | |a Tự vị tiếng nói miền Nam / |c Vương Hồng Sển. |
| 260 | |a Tp.HCM : |b Nxb Trẻ, |c 1999. | ||
| 300 | |a 710tr. ; |c 20cm. | ||
| 520 | 3 | |a Cuốn sách giúp chúng ta tìm được nhiều chỉ dẫn quý báu về địa danh, về tiếng nói Nam bộ xưa và nay. | |
| 630 | 0 | 4 | |a Việt ngữ. |
| 630 | 0 | 4 | |a Từ điển tiếng Việt. |
| 630 | 0 | 4 | |a Tự vị. |
| 650 | 0 | 4 | |a Việt ngữ |v Từ điển |x Việt ngữ. |
| OWN | |a DUT | ||
| 999 | |a From the UDN01 | ||
| TYP | |a Monograph | ||
| TYP | |a Printed language | ||
| 980 | |a Mạng thư viện Đại học Đà Nẵng | ||